LEADER 00900nam a2200229 i 4500 001 000000043470 003 CaOOAMICUS 005 20090817000000.0 008 090817s1970 gw u000 u ger u 013 $a14640 040 $aSeMil$bita 100 1 $aKüng, Hans,$d<1928-2021>.$0(OLS)http://semarc/name/175 245 10$aUnfehlbar? :$beine Anfrage /$cHans Küng. 250 $a2. Aufl. 260 $aEinsiedeln [etc.] :$bBenziger,$c1970. 300 $a203 p. ;$c21 cm. 650 4$aChiesa - Magistero - Infallibilitŕ.$0(OLS)http://semarc/subject/7725 650 4$aChiesa cattolica - Infallibilitŕ.$0(OLS)http://semarc/subject/7726 850 $aSeMil 852 $aSeMil$W1$xVenegono$y1$m2B II 297$j9625$B9625$CSeMilBibl$Z2$F9625 $81 996 $6245$aUnfehlbar? :$beine Anfrage$9(OLS)http://semarc/title/63885 996 $6260$aEinsiedeln [etc.] :$bBenziger$9(OLS)http://semarc/publisher/31237 LEADER 01198nam a2200289 i 4500 001 000000060882 003 CaOOAMICUS 005 20190528113100.0 008 120419s1998 it u000 u ita u 013 $a32054 020 $a88-315-1542-X 040 $aSeMil$bita 100 1 $aColzani, Gianni,$d<1940- >.$0(OLS)http://semarc/name/3154 245 13$aLa teologia e le sue sfide :$baperture e dialogo /$cGianni Colzani ; Postfazione di Severino Dianich. 260 $aMilano :$bPaoline,$c1998. 300 $a217 p. ;$c21 cm. 490 0 $aPercorsi teologici ;$v1 650 4$aTeologia - Metodo.$0(OLS)http://semarc/subject/941 700 1 $aDianich, Severino <1934- >.$0(OLS)http://semarc/name/16304 830 0$aPercorsi teologici ;$v1.$0(OLS)http://semarc/title/423307 850 $aSeMil 852 $aSeMil$W1$xVenegono$y1$m2D III 165$j27035$B27035$CSeMilBibl$Z2$F27038 $81 961 $aOmaggio: Colzani don Gianni 996 $6020$a88-315-1542-X$9(OLS)http://semarc/number/37052 996 $6245$aLa teologia e le sue sfide :$baperture e dialogo$9(OLS)http://semarc/title/95505 996 $6260$aMilano :$bPaoline$9(OLS)http://semarc/publisher/29684